| 000 | 00000nas 2200000za 4500 |
| 001 | 9.504364 |
| 003 | CaOODSP |
| 005 | 20231114104029 |
| 007 | cr ||||||||||| |
| 008 | 150406d19992001xxc|| p o||||f| |0eng|d |
| 040 | |aCaOODSP|beng |
| 043 | |an-cn--- |
| 086 | 1 |aC12-23E-PDF |
| 245 | 00|aRegional economic observer. |
| 264 | 1|aOttawa, Ontario : |bIndustry Canada |
| 310 | |aQuarterly |
| 362 | 1 |aBegan with 1999?; ceased with 2001? |
| 690 | 07|aEconomic conditions|2gcpds |
| 690 | 07|aProvinces|2gcpds |
| 710 | 1 |aCanada.|bIndustry Canada. |bMicro-Economic Analysis Directorate, |eissuing body. |
| 775 | 08|tL'observateur économique régional.|w(CaOODSP)9.500800 |
| 776 | 0#|tRegional economic observer |w(CaOODSP)9.514182 |